000 01301nam0a22002531 4500
001 rc\3407815
005 20260407114625.0
021 _aRU
_b[74-73697]
035 _a(NLR Aleph) 007576482
090 _a5461678
_c5461678
100 _a20130115d1974 |||y0rusy50 ca
101 0 _arus
102 _aRU
105 _aa z |||||
200 1 _aРуководство по производству окрасочных работ при монтаже металлоконструкций
_eУтв. 15/VIII 1973 г.
_fМ-во монтажных и спец. строит. работ СССР. Главстальконструкция. ЦБНТИ
210 _aМосква
_c[ЦБНТИ Минмонтажспецстроя СССР]
_d1974
215 _a107 с.
_cчерт.
_d20
606 _aМеталлические конструкции
_xОкраска
_2psbo
712 0 1 _aСССР
_bГлавное управление по изготовлению стальных конструкций и монтажу стальных и сложных железобетонных конструкций в промышленном строительстве
_9634976
_3RU\NLR\AUTH\8810066675
801 0 _aRU
_bNLR
_gpsbo
801 1 _aRU
_bELAR
_2rusmarc
852 _aNLR
_j74-3/3393
942 _cBOOK
980 _aNB